[Event "Mondiale Lampo FIDE 2017"]
[Site "Riyadh"]
[Date "30.12.2017"]
[Round "14.52"]
[White "Naiditsch, Arkadij"]
[Black "Tissir, Mohamed"]
[Result "1-0"]
[WhiteTitle "GM"]
[BlackTitle "IM"]
[WhiteElo "2705"]
[BlackElo "2381"]
[WhiteFideId "4650891"]
[BlackFideId "9000240"]
[EventDate "2017.12.29"]

1. e4 c5 2. Nf3 d6 3. Bb5+ Nd7 4. d4 cxd4 5. Qxd4 Nf6 6. O-O Qc7 7. Nc3 e6 8. e5
dxe5 9. Nxe5 Bc5 10. Qf4 Bd6 11. Bxd7+ Bxd7 12. Re1 O-O 13. Qg3 Bxe5 14. Rxe5
Rfe8 15. Bh6 g6 16. Rae1 Bc6 17. h4 Rac8 18. h5 Nd7 19. hxg6 hxg6 20. Bf4 Nxe5
21. Bxe5 Qe7 22. Qf4 g5 23. Qd4 Rcd8 24. Qxa7 f6 25. Bg3 Kg7 26. a4 Rh8 27. Qe3
Qf7 28. f3 Rhe8 29. b4 Qg6 30. b5 Bd5 31. Re2 Qf5 32. a5 Rc8 33. Rd2 Bc4 34. Ne4
Rcd8 35. Nd6 Rxd6 36. Rxd6 Qxc2 37. Rd7+ Kg6 38. Qe4+ Qxe4 39. fxe4 Bxb5 40.
Rxb7 Bc6 41. Rb4 Ra8 42. Bc7 f5 43. exf5+ Kxf5 44. Kf2 Rc8 45. Bb6 Bd5 46. g4+
Ke5 47. a6 Rc2+ 48. Ke3 Rc3+ 49. Kd2 Ra3 50. a7 Kd6 51. Be3 e5 52. Rb8 Ra2+ 53.
Kc3 Ra3+ 54. Kd2 e4 55. Rd8+ Ke6 56. Bc5 Ra2+ 57. Ke3 Ra5 58. Kd4 Ra4+ 59. Ke3
Ra5 60. Bb6 Ra3+ 61. Kd4 Rd3+ 62. Kc5 Rc3+ 63. Kb4 Rc1 64. Rxd5 1-0

[Event "Mondiale Lampo FIDE 2017"]
[Site "Riyadh"]
[Date "30.12.2017"]
[Round "14.53"]
[White "Kuzubov, Yuriy"]
[Black "Al-Saffar, Araz Basim Mohammed S"]
[Result "1-0"]
[WhiteTitle "GM"]
[BlackTitle "IM"]
[WhiteElo "2699"]
[BlackElo "2368"]
[WhiteFideId "14112906"]
[BlackFideId "4801040"]
[EventDate "2017.12.29"]

1. d4 e6 2. c4 b6 3. e4 Bb7 4. Bd3 Nc6 5. Ne2 Nb4 6. O-O Nxd3 7. Qxd3 Ne7 8.
Nbc3 d6 9. f4 g6 10. Ng3 f5 11. d5 Bg7 12. dxe6 O-O 13. Re1 Bxc3 14. Qxc3 fxe4
15. Nxe4 d5 16. Nf6+ Rxf6 17. Qxf6 dxc4 18. b3 Qf8 19. Qxf8+ Kxf8 20. bxc4 Rd8
21. Be3 Nf5 22. Bf2 Rd6 23. c5 1-0

[Event "Mondiale Lampo FIDE 2017"]
[Site "Riyadh"]
[Date "30.12.2017"]
[Round "14.54"]
[White "Sethuraman, S.P."]
[Black "Ganguly, Surya Shekhar"]
[Result "1-0"]
[WhiteTitle "GM"]
[BlackTitle "GM"]
[WhiteElo "2646"]
[BlackElo "2650"]
[WhiteFideId "5021596"]
[BlackFideId "5002150"]
[EventDate "2017.12.29"]

1. e4 c5 2. Nf3 e6 3. d4 cxd4 4. Nxd4 Nc6 5. Nc3 Qc7 6. Be3 a6 7. Qf3 Nf6 8.
O-O-O h5 9. Kb1 b5 10. Nxc6 Qxc6 11. Bd4 Bb7 12. Bxf6 gxf6 13. Bd3 Be7 14. Rhe1
O-O-O 15. Ne2 Qc5 16. c3 h4 17. Nd4 Kb8 18. Bc2 Qe5 19. g3 Bc5 20. Qe2 hxg3 21.
hxg3 Qh5 22. Qd2 Qg5 23. Qe2 Rhg8 24. Nf3 Qg4 25. Rh1 e5 26. Rh4 Qe6 27. Bb3 d5
28. Rh6 Rg6 29. Rh7 Rg4 30. Nh4 Rgg8 31. Nf5 Qc8 32. Rxf7 dxe4 33. Rxb7+ Kxb7
34. Bxg8 Rxd1+ 35. Qxd1 Qxf5 36. Qd5+ Kb6 37. Qd8+ 1-0

[Event "Mondiale Lampo FIDE 2017"]
[Site "Riyadh"]
[Date "30.12.2017"]
[Round "14.55"]
[White "Shytaj, Luca"]
[Black "Malakhatko, Vadim"]
[Result "1-0"]
[WhiteTitle "IM"]
[BlackTitle "GM"]
[WhiteElo "2459"]
[BlackElo "2542"]
[WhiteFideId "812633"]
[BlackFideId "14104202"]
[EventDate "2017.12.29"]

1. b3 d5 2. Bb2 Bg4 3. h3 Bh5 4. g4 Bg6 5. Bg2 e6 6. e3 h5 7. Nf3 hxg4 8. hxg4
Rxh1+ 9. Bxh1 Nd7 10. d3 Nh6 11. g5 Nf5 12. Nbd2 Bh5 13. Qe2 Be7 14. e4 dxe4 15.
dxe4 Nh4 16. Qb5 Nxf3+ 17. Bxf3 Bxf3 18. Nxf3 Rb8 19. O-O-O c6 20. Qe2 Bxg5+ 21.
Kb1 Bf6 22. Ne5 Bxe5 23. Bxe5 Rc8 24. Qh5 1-0

[Event "Mondiale Lampo FIDE 2017"]
[Site "Riyadh"]
[Date "30.12.2017"]
[Round "14.56"]
[White "Lam, Daniel King-wai"]
[Black "Abdyjapar, Asyl"]
[Result "0-1"]
[WhiteTitle "FM"]
[BlackTitle "IM"]
[WhiteElo "2222"]
[BlackElo "2382"]
[WhiteFideId "6001238"]
[BlackFideId "13800337"]
[EventDate "2017.12.29"]

1. e4 c5 2. Nc3 Nc6 3. Nf3 d6 4. d4 cxd4 5. Nxd4 Nf6 6. Bc4 e6 7. Be3 Be7 8. Qe2
O-O 9. O-O-O Nxd4 10. Bxd4 Qc7 11. f3 a6 12. Bb3 e5 13. Be3 h6 14. g4 Be6 15. h4
Bxb3 16. cxb3 d5 17. exd5 Bb4 18. Qc4 Qa5 19. Kb1 Rac8 20. Qe2 Bxc3 21. bxc3
Nxd5 22. Bd2 Nxc3+ 23. Bxc3 Rxc3 24. g5 h5 25. f4 exf4 26. Qxh5 Rfc8 27. Qe2
Qf5+ 28. Ka1 f3 29. Qd2 Rc2 30. Qd4 Qa5 31. a4 b5 32. g6 fxg6 33. h5 bxa4 34. b4
Qg5 35. hxg6 Qxg6 36. Qd5+ Qf7 37. Rhf1 Rc1+ 0-1

[Event "Mondiale Lampo FIDE 2017"]
[Site "Riyadh"]
[Date "30.12.2017"]
[Round "14.57"]
[White "Al Jabri, Mohammed Ali"]
[Black "Minko, Vladimir"]
[Result "0-1"]
[BlackTitle "IM"]
[WhiteElo "2154"]
[BlackElo "2381"]
[WhiteFideId "7604734"]
[BlackFideId "24146706"]
[EventDate "2017.12.29"]

1. e4 c5 2. d4 cxd4 3. c3 d3 4. Bxd3 Nc6 5. Nf3 g6 6. O-O Bg7 7. c4 d6 8. h3 Nf6
9. Nc3 O-O 10. Be3 Nd7 11. Qd2 Nc5 12. Be2 Be6 13. Nd4 Bd7 14. Rac1 Rc8 15. b3
Qa5 16. Rfd1 Kh8 17. f4 Qc7 18. Nd5 Qd8 19. Bf3 e5 20. Nb5 Be6 21. Ndc3 exf4 22.
Bxf4 Ne5 23. Nxd6 Nxf3+ 24. gxf3 Ra8 25. Kg2 Qh4 26. Bg3 Qxh3+ 27. Kf2 Qh6 28.
Qxh6 Bxh6 29. Rc2 a5 30. Ndb5 Rfd8 31. Nc7 Rxd1 32. Nxd1 Rd8 33. Nxe6 Nxe6 34.
Be5+ Kg8 35. Ne3 Rd3 36. Ng4 Bg7 37. Nf6+ Kh8 38. Ng4 h5 39. Bxg7+ Kxg7 40. Ne3
Nd4 41. Rb2 h4 42. c5 h3 43. Ng4 Rxf3+ 44. Ke1 Rg3 45. Nh2 Re3+ 46. Kf2 Rxe4 47.
Rd2 Ne6 48. Rc2 Re5 49. Nf3 Rxc5 50. Rxc5 Nxc5 51. Kg3 f5 52. Kxh3 Kf6 53. Kg3
g5 54. Nd4 Ne4+ 55. Kf3 Ke5 56. Nb5 g4+ 57. Ke3 f4+ 58. Ke2 Nc5 59. Nc3 Kd4 60.
Nb5+ Ke5 61. Nc3 Ne4 62. Nb5 Kd5 63. Nc7+ Kd4 64. Ne6+ Ke5 65. Nc5 Nxc5 0-1

[Event "Mondiale Lampo FIDE 2017"]
[Site "Riyadh"]
[Date "30.12.2017"]
[Round "14.58"]
[White "Amer, Said Salim Al Maashani"]
[Black "Khader, Sami"]
[Result "1/2-1/2"]
[WhiteTitle "FM"]
[BlackTitle "IM"]
[WhiteElo "2103"]
[BlackElo "2392"]
[WhiteFideId "22000100"]
[BlackFideId "8100500"]
[EventDate "2017.12.29"]

1. e4 e6 2. d4 d5 3. Nc3 Bb4 4. e5 c5 5. Bd2 Ne7 6. Nb5 Bxd2+ 7. Qxd2 O-O 8. Nf3
cxd4 9. Nbxd4 Nbc6 10. Bd3 Qc7 11. Nxc6 Nxc6 12. Qg5 h6 13. Qg3 Nb4 14. O-O Nxd3
15. cxd3 Qc2 16. Rab1 Qxd3 17. Rfd1 Qf5 18. Nd4 Qg5 19. Nb5 Bd7 20. Nd6 Qxg3 21.
hxg3 Bc6 22. b4 a6 23. Ra1 f6 24. f4 fxe5 25. fxe5 Bb5 26. a4 Bc4 27. Nxb7 Rab8
28. Nd6 Rxb4 29. Rdb1 Rfb8 30. Rxb4 Rxb4 31. a5 Rb2 32. Rc1 Re2 33. Nxc4 dxc4
34. Rxc4 Rxe5 35. Rc6 Rxa5 36. Rxe6 Ra2 37. Kh2 a5 38. g4 Ra3 39. g5 hxg5 40.
Rg6 a4 41. Rxg5 Rb3 42. Ra5 a3 43. g3 Rb2+ 44. Kh3 a2 45. Kg4 Kh7 46. Ra6 Kg8
47. Ra7 Rg2 48. Kf3 Rb2 49. Kg4 Kf8 50. Kg5 Ke8 51. g4 Kf8 52. Kg6 Rb6+ 53. Kg5
Rb2 54. Kg6 Rb6+ 55. Kg5 Rb2 56. Kg6 Rb6+ 57. Kg5 Rb5+ 58. Kg6 1/2-1/2

[Event "Mondiale Lampo FIDE 2017"]
[Site "Riyadh"]
[Date "30.12.2017"]
[Round "14.59"]
[White "Bukannan, Ahmed A"]
[Black "Saeed, Ishaq"]
[Result "0-1"]
[BlackTitle "FM"]
[WhiteElo "1929"]
[BlackElo "2434"]
[WhiteFideId "21504164"]
[BlackFideId "9301453"]
[EventDate "2017.12.29"]

1. Nf3 Nf6 2. b3 b6 3. Bb2 Bb7 4. e3 e6 5. Be2 Be7 6. O-O O-O 7. d4 c5 8. Nbd2
cxd4 9. exd4 d6 10. Bd3 Nbd7 11. Re1 Rc8 12. Qe2 Qc7 13. Rac1 h6 14. c4 Rfe8 15.
Ne4 Nxe4 16. Bxe4 Bxe4 17. Qxe4 Nf6 18. Qe2 Qb7 19. Qd2 b5 20. Qb4 a6 21. a4 Rb8
22. axb5 axb5 23. c5 Nd5 24. Qd2 Rec8 25. cxd6 Bxd6 26. Rxc8+ Rxc8 27. Rc1 Ra8
28. g3 Ra2 29. Ne5 Bb4 30. Qe2 Bc3 31. Rc2 Bxb2 32. Rxb2 Ra1+ 33. Qf1 Rxf1+ 34.
Kxf1 Qc8 35. Rb1 Qc2 36. Ra1 f6 37. Ra8+ Kh7 38. Nf3 Qe4 39. Nh4 Ne3+ 40. fxe3
Qxa8 41. Kf2 Qa2+ 42. Kf3 Qxb3 43. Ng2 Qd5+ 44. Kf2 b4 45. Nf4 Qa2+ 46. Kf3 g5
47. Nh5 Kg6 48. g4 b3 49. h4 b2 50. hxg5 hxg5 51. d5 Qxd5+ 52. e4 Qd3+ 53. Kf2
Qxe4 54. Ng3 Qxg4 55. Nf1 Qf4+ 56. Kg2 Qxf1+ 57. Kxf1 b1=Q+ 58. Kg2 Qc2+ 59. Kg3
Qd3+ 60. Kh2 Kf5 61. Kh1 Qd2 62. Kg1 Ke5 0-1

[Event "Mondiale Lampo FIDE 2017"]
[Site "Riyadh"]
[Date "30.12.2017"]
[Round "14.60"]
[White "Al-Modiahki, Mohamad"]
[Black "Khairat, Ahmed"]
[Result "1-0"]
[WhiteTitle "GM"]
[BlackTitle "CM"]
[WhiteElo "2542"]
[BlackElo "2211"]
[WhiteFideId "12100030"]
[BlackFideId "10624171"]
[EventDate "2017.12.29"]

1. e4 e5 2. Nf3 Nc6 3. d4 exd4 4. c3 dxc3 5. Bc4 cxb2 6. Bxb2 Bb4+ 7. Nbd2 Nf6
8. O-O O-O 9. e5 d5 10. exf6 dxc4 11. fxg7 Re8 12. Nxc4 Be6 13. Qc2 Qd5 14. Ne3
Qh5 15. h4 Rad8 16. Rad1 Ba5 17. Ng5 Qxh4 18. Ne4 f5 19. Nf6+ Kf7 20. Nxe8 Rxe8
21. Nxf5 Qg5 22. Ng3 Bb6 23. Ne4 Qg6 24. Rfe1 h6 25. Qe2 Bf5 26. Nd6+ cxd6 27.
Qxe8# 1-0

[Event "Mondiale Lampo FIDE 2017"]
[Site "Riyadh"]
[Date "30.12.2017"]
[Round "14.61"]
[White "Al Mahmood, Salman"]
[Black "Miton, Kamil"]
[Result "0-1"]
[BlackTitle "GM"]
[WhiteElo "1593"]
[BlackElo "2584"]
[WhiteFideId "11201517"]
[BlackFideId "1111914"]
[EventDate "2017.12.29"]

1. e4 c5 2. d4 cxd4 3. c3 d3 4. Bxd3 Nc6 5. Nf3 d6 6. O-O g6 7. Nbd2 Bg7 8. Nb3
Nf6 9. Qe2 O-O 10. Be3 Qc7 11. Rfd1 b6 12. Nbd4 Bb7 13. Rac1 Ng4 14. Bg5 Nf6 15.
Bb1 Rfe8 16. h3 Nd7 17. Bh4 a6 18. Bg3 b5 19. c4 b4 20. Nb3 Qb6 21. Bf4 a5 22.
c5 Nxc5 23. Nxc5 dxc5 24. Be3 Nd4 25. Nxd4 cxd4 26. Bf4 Rac8 27. Bd3 Red8 28.
Rc2 Rxc2 29. Bxc2 Rc8 30. Bd3 a4 31. Rc1 Rxc1+ 32. Bxc1 Qc5 33. Qc2 Qxc2 34.
Bxc2 b3 35. axb3 axb3 36. Bd3 e5 37. f3 Bc6 38. Bc4 Ba4 39. Bd5 Kf8 40. Bd2 Bf6
41. Kf1 Be7 42. Kf2 Bc5 43. Ke2 Ke7 44. Ke1 f5 45. Ke2 f4 46. Ke1 Kd6 47. Ke2 g5
48. Ke1 h6 49. Ke2 Kc7 50. Ke1 Kd6 51. Ke2 Kc7 52. Ke1 Kb6 53. Ke2 Bd6 54. Ke1
Kc7 55. Ke2 Kd8 56. Ke1 h5 57. Ke2 Ke7 58. Ke1 Kf6 59. Ke2 g4 60. hxg4 hxg4 61.
Ke1 Kg5 62. Kf2 Bc5 63. Kf1 Bb5+ 64. Ke1 Ba4 65. Kf1 Kh4 66. Ba5 gxf3 67. gxf3
Kg3 68. Bc7 Kxf3 69. Bxe5 Bb5+ 70. Ke1 Ke3 71. Bxb3 f3 72. Bd5 f2+ 0-1

[Event "Mondiale Lampo FIDE 2017"]
[Site "Riyadh"]
[Date "30.12.2017"]
[Round "14.62"]
[White "Samhouri, A."]
[Black "Omar, Noaman"]
[Result "1-0"]
[WhiteTitle "FM"]
[BlackTitle "IM"]
[WhiteElo "2355"]
[BlackElo "2364"]
[WhiteFideId "8100640"]
[BlackFideId "9300244"]
[EventDate "2017.12.29"]

1. Nf3 d5 2. c4 d4 3. b4 c5 4. Bb2 Nd7 5. e3 e5 6. exd4 cxd4 7. a3 Ngf6 8. d3
Bd6 9. Nbd2 h6 10. Be2 Nf8 11. c5 Bc7 12. Nc4 Ng6 13. O-O O-O 14. Re1 Re8 15.
Nfd2 Nf4 16. Bf1 Bg4 17. Qb3 Bf5 18. Nf3 Qd5 19. Qd1 Bg4 20. Ncd2 Rad8 21. g3
Nh3+ 22. Bxh3 Bxh3 23. Ne4 Nxe4 24. dxe4 Qe6 25. Qd3 Rf8 26. Nd2 f5 27. Qc4 Qxc4
28. Nxc4 f4 29. Rac1 Rf6 30. Rc2 Rdf8 31. Bc1 h5 32. Bb2 h4 33. Bc1 fxg3 34.
hxg3 hxg3 35. fxg3 Rf1+ 36. Rxf1 Rxf1+ 37. Kh2 Bg4 38. Nd6 Bf3 39. g4 Bxg4 40.
Kg3 Be6 41. Nxb7 Bb8 42. Na5 Bc7 43. Nc4 Bd8 44. Nd6 Bg5 45. Bxg5 Rg1+ 46. Kh4
Rh1+ 47. Kg3 Rg1+ 48. Kh4 Rg4+ 49. Kh5 Kh7 50. Nf5 g6+ 51. Kxg4 gxf5+ 52. exf5
Bb3 53. Rh2+ Kg7 54. f6+ Kg6 55. Rh6+ Kf7 56. Rh7+ Kf8 57. c6 Be6+ 58. Kh5 Bf5
59. Re7 d3 60. Bh6+ Kg8 61. f7+ 1-0

[Event "Mondiale Lampo FIDE 2017"]
[Site "Riyadh"]
[Date "30.12.2017"]
[Round "14.63"]
[White "Haddouche, Mohamed"]
[Black "Al Ghamdi, Ahmed M"]
[Result "1/2-1/2"]
[WhiteTitle "GM"]
[BlackTitle "CM"]
[WhiteElo "2505"]
[BlackElo "2159"]
[WhiteFideId "7900660"]
[BlackFideId "21500150"]
[EventDate "2017.12.29"]

1. e4 e5 2. Nf3 Nc6 3. Bb5 a6 4. Bxc6 dxc6 5. d4 exd4 6. Qxd4 Qxd4 7. Nxd4 Bd7
8. Nc3 O-O-O 9. Be3 Ne7 10. O-O-O Ng6 11. Nde2 Be7 12. f3 Rhe8 13. Rd2 Nh4 14.
Rg1 h6 15. Kb1 Kb8 16. Bf2 Kc8 17. Be3 Kb8 18. Bf2 Kc8 1/2-1/2

[Event "Mondiale Lampo FIDE 2017"]
[Site "Riyadh"]
[Date "30.12.2017"]
[Round "14.64"]
[White "Miswadah, Baha"]
[Black "Lodhi, Mahmood"]
[Result "0-1"]
[BlackTitle "IM"]
[WhiteElo "1877"]
[BlackElo "2347"]
[WhiteFideId "11502118"]
[BlackFideId "7800010"]
[EventDate "2017.12.29"]

1. e4 e5 2. Nf3 Nc6 3. d4 exd4 4. Nxd4 Bc5 5. Be3 Qf6 6. c3 Nge7 7. Bc4 Ne5 8.
Be2 O-O 9. O-O d5 10. f4 N5c6 11. e5 Qg6 12. Qd2 Bb6 13. Kh1 Nxd4 14. cxd4 Bg4
15. Nc3 c6 16. Bxg4 Qxg4 17. Rf3 Nf5 18. Bg1 h5 19. Ne2 h4 20. h3 Qh5 21. Kh2
Rae8 22. Bf2 Re6 23. a4 Rg6 24. a5 Bc7 25. Rb3 Rb8 26. Qd3 Re6 27. Qf3 Qxf3 28.
gxf3 g6 29. a6 b6 30. Rd3 Bd8 31. Rg1 Be7 32. Rg2 Rd8 33. Rg1 c5 34. dxc5 bxc5
35. Rgd1 d4 36. Nc3 Rxa6 37. Ne4 Rb6 38. Be1 Rxb2+ 39. Bf2 c4 40. R3d2 Rxd2 41.
Rxd2 c3 42. Ra2 Rc8 43. Nf6+ Bxf6 44. exf6 c2 45. Rxc2 Rxc2 46. Kg2 a5 47. Kf1
a4 48. Kg2 a3 49. Kh1 Rxf2 50. Kg1 Rxf3 51. Kg2 Re3 52. Kf2 a2 53. Kg2 a1=Q 54.
Kh2 Re2# 0-1

[Event "Mondiale Lampo FIDE 2017"]
[Site "Riyadh"]
[Date "30.12.2017"]
[Round "14.65"]
[White "Farhan, Marwan Ali"]
[Black "Salama, Taher"]
[Result "0-1"]
[WhiteElo "1975"]
[BlackElo "1769"]
[WhiteFideId "9401652"]
[BlackFideId "11502231"]
[EventDate "2017.12.29"]

1. e4 c5 2. Nf3 d6 3. d4 cxd4 4. Nxd4 Nf6 5. Nc3 a6 6. Be3 e5 7. Nf3 Be6 8. Ng5
Bd7 9. Nd5 Nxd5 10. exd5 Be7 11. Nf3 Bg4 12. Be2 O-O 13. h3 Bh5 14. O-O Nd7 15.
b3 Rc8 16. c4 Nf6 17. Nd2 Bg6 18. f4 exf4 19. Bxf4 Re8 20. Nf3 Ne4 21. Nd4 Bf6
22. Rc1 Qb6 23. Be3 Ng3 24. Bf2 Bxd4 25. Bxd4 Qxd4+ 26. Qxd4 Nxe2+ 27. Kh1 Nxd4
28. Rfd1 Ne2 29. Ra1 Re5 30. Kh2 Rce8 31. Rd3 Bxd3 0-1

[Event "Mondiale Lampo FIDE 2017"]
[Site "Riyadh"]
[Date "30.12.2017"]
[Round "14.66"]
[White "Al Zamel, Khaled"]
[Black "Masrahi, Abdulrahman A"]
[Result "0-1"]
[BlackTitle "CM"]
[WhiteElo "1942"]
[BlackElo "1962"]
[WhiteFideId "21500967"]
[BlackFideId "21501564"]
[EventDate "2017.12.29"]

1. e4 e5 2. d3 Nf6 3. Nd2 Bc5 4. g3 d5 5. Nb3 Bb6 6. Be3 dxe4 7. Bxb6 axb6 8.
dxe4 Qxd1+ 9. Rxd1 Rxa2 10. Bd3 Nc6 11. Rb1 Nb4 12. Ne2 Be6 13. Nc3 Ra8 14. Nd2
O-O 15. O-O Rfd8 16. Nb5 c6 17. Nc7 Rac8 18. Nxe6 fxe6 19. Nc4 Nxd3 20. cxd3
Rxd3 21. Nxe5 Rd2 22. Nc4 Rc2 23. e5 Nd5 24. Rfc1 Rxc1+ 25. Rxc1 b5 26. Na3 Ra8
27. Nc2 Ra2 28. Rb1 b4 29. Nd4 Kf7 30. Kg2 Ke7 31. h4 h5 32. Kf3 g6 33. Ke4 c5
34. Nb5 c4 35. Nd4 c3 36. bxc3 Nxc3+ 37. Kd3 Nxb1 38. Nc2 Rxc2 39. Kxc2 Na3+ 40.
Kb3 Nb5 41. Kxb4 Nd4 0-1

[Event "Mondiale Lampo FIDE 2017"]
[Site "Riyadh"]
[Date "30.12.2017"]
[Round "14.67"]
[White "Al Abdali, Zeyad Saleh"]
[Black "Al-Hajiri, Bader"]
[Result "0-1"]
[BlackTitle "FM"]
[WhiteElo "1801"]
[BlackElo "2165"]
[WhiteFideId "21501505"]
[BlackFideId "10300163"]
[EventDate "2017.12.29"]

1. d4 d5 2. Nf3 Nf6 3. c4 e6 4. Nc3 c6 5. Bg5 dxc4 6. a4 Bb4 7. e3 b5 8. Be2 Bb7
9. O-O a6 10. Qc2 Nbd7 11. Rfd1 O-O 12. Ne5 Qc7 13. Bf4 Nxe5 14. Bxe5 Qe7 15.
Bf3 Nd5 16. Ne4 f6 17. Bg3 Rad8 18. h4 f5 19. Nc3 Bxc3 20. bxc3 f4 21. exf4 Nxf4
22. Qe4 Nd5 23. Re1 Nxc3 24. Qg4 Rf6 25. axb5 cxb5 26. Bxb7 Qxb7 27. Rxe6 Qd7
28. Raxa6 Rdf8 29. Be5 Rxe6 30. Qxe6+ Qxe6 31. Rxe6 h6 32. Re7 Rf7 33. Re8+ Kh7
34. Rb8 Re7 35. f4 g5 36. hxg5 hxg5 37. g3 gxf4 38. gxf4 Kg6 39. Rb6+ Kf5 40.
Kf2 Ke4 41. Rh6 Nd5 42. Rd6 Nxf4 43. Rb6 Nd3+ 44. Ke2 Nxe5 45. dxe5 Rxe5 46. Kd2
Kd4 47. Kc2 Kc5 48. Rb7 b4 49. Kb2 0-1

[Event "Mondiale Lampo FIDE 2017"]
[Site "Riyadh"]
[Date "30.12.2017"]
[Round "14.68"]
[White "Alem, Ali Hussien"]
[Black "Alanazy, Mohammed"]
[Result "0-1"]
[WhiteElo "1745"]
[BlackElo "1850"]
[WhiteFideId "21500088"]
[BlackFideId "21508488"]
[EventDate "2017.12.29"]

1. Nf3 Nf6 2. g3 d5 3. d3 c6 4. Bg2 Bf5 5. O-O Nbd7 6. Nbd2 e5 7. e4 dxe4 8.
Nxe4 Bxe4 9. dxe4 Nc5 10. Qxd8+ Rxd8 11. Nxe5 Bd6 12. Nc4 Bc7 13. Bg5 O-O 14. e5
h6 15. Bxf6 gxf6 16. exf6 Rd4 17. Ne3 Be5 18. c3 Rd2 19. Nc4 Re2 20. Bf3 Rxb2
21. Nxb2 Bxc3 22. Rab1 Bxf6 23. Rfc1 Ne6 24. Nc4 b5 25. Nd6 c5 26. Rxb5 Nd4 27.
Rbxc5 Nxf3+ 0-1

[Event "Mondiale Lampo FIDE 2017"]
[Site "Riyadh"]
[Date "30.12.2017"]
[Round "14.69"]
[White "Al Habeeb, Emad"]
[Black "Al Saidi, Mohammed Khalfan"]
[Result "1-0"]
[WhiteElo "1933"]
[BlackElo "1468"]
[WhiteFideId "21500029"]
[BlackFideId "22001271"]
[EventDate "2017.12.29"]

1. d4 Nf6 2. c4 g6 3. Nc3 Bg7 4. e4 d6 5. Be3 a5 6. Qd2 Na6 7. Bh6 O-O 8. Bxg7
Kxg7 9. Nf3 Bg4 10. Be2 Bxf3 11. Bxf3 e5 12. O-O h5 13. h3 Qe7 14. Rad1 Rad8 15.
Rfe1 b6 16. a3 c6 17. Qe2 Nc7 18. Na4 Rb8 19. dxe5 dxe5 20. Qe3 c5 21. Nc3 Ne6
22. Nd5 Nxd5 23. exd5 Nd4 24. Qxe5+ Qxe5 25. Rxe5 Rfe8 26. Rde1 Kf8 27. Bd1 Rxe5
28. Rxe5 Re8 29. Re3 f5 30. Kf1 f4 31. Rc3 g5 32. Bxh5 Re5 33. Bg4 Ke7 34. Rd3
Kd6 35. b4 axb4 36. axb4 Re8 37. bxc5+ bxc5 38. g3 fxg3 39. Rxg3 Ra8 40. Be6
Nxe6 41. dxe6 Kxe6 42. Rxg5 Ra2 43. Rxc5 Kd6 44. Rd5+ Ke6 45. Kg2 Rc2 46. Rd4
Ke5 47. Rg4 Kf5 48. Kg3 Rc3+ 49. f3 Rc2 50. h4 Rc1 51. Rg5+ Kf6 52. c5 Rg1+ 53.
Kf4 Rh1 54. Rg4 Rc1 55. Rg5 Rh1 56. h5 Rh4+ 57. Rg4 Rxh5 58. c6 Rc5 59. Rh4 Ke7
60. Rh6 Kf7 61. Kg4 Kg7 62. Rd6 Kf7 63. f4 Ke7 64. Rh6 Kf7 65. f5 Rc1 66. Rd6
Rg1+ 67. Kf4 Rf1+ 68. Ke5 Re1+ 69. Kd4 Rd1+ 70. Kc5 Rf1 71. f6 Rc1+ 72. Kb6 Rb1+
73. Kc7 Rb2 74. Kd7 Ra2 75. c7 Ra7 76. Kd8 Ra8+ 77. c8=Q 1-0

[Event "Mondiale Lampo FIDE 2017"]
[Site "Riyadh"]
[Date "30.12.2017"]
[Round "15.1"]
[White "Carlsen, Magnus"]
[Black "Karjakin, Sergey"]
[Result "1-0"]
[WhiteTitle "GM"]
[BlackTitle "GM"]
[WhiteElo "2837"]
[BlackElo "2760"]
[WhiteFideId "1503014"]
[BlackFideId "14109603"]
[EventDate "2017.12.29"]

1. e4 e5 2. Nf3 Nc6 3. Bb5 Nf6 4. d3 Bc5 5. Bxc6 dxc6 6. Nc3 O-O 7. Be3 Bd6 8.
Bg5 Re8 9. h3 c5 10. Nd5 Be7 11. Nxe7+ Qxe7 12. O-O h6 13. Be3 Nd7 14. Nd2 Nb8
15. f4 exf4 16. Rxf4 Nc6 17. Qh5 b6 18. Raf1 Rf8 19. Nf3 Be6 20. Rh4 f6 21. Qg6
Qf7 22. Qg3 Nb4 23. Bxh6 Nxc2 24. Ne5 fxe5 25. Rxf7 Rxf7 26. Qg6 Bxa2 27. Bg5
Rff8 28. Rh7 Rf7 29. Bf6 1-0

[Event "Mondiale Lampo FIDE 2017"]
[Site "Riyadh"]
[Date "30.12.2017"]
[Round "15.4"]
[White "Petrosian, Tigran L."]
[Black "Leko, Peter"]
[Result "1-0"]
[WhiteTitle "GM"]
[BlackTitle "GM"]
[WhiteElo "2601"]
[BlackElo "2691"]
[WhiteFideId "13301616"]
[BlackFideId "703303"]
[EventDate "2017.12.29"]

1. Nf3 Nf6 2. g3 d5 3. Bg2 e6 4. O-O Be7 5. d3 c5 6. Nbd2 Nc6 7. e4 O-O 8. Re1
b5 9. e5 Nd7 10. Nf1 Bb7 11. h4 Qc7 12. Bf4 Rfc8 13. Ne3 Qd8 14. Ng4 Bf8 15. h5
h6 16. Qd2 Ne7 17. Nh4 a5 18. Nh2 Nc6 19. N4f3 b4 20. g4 Ne7 21. g5 Nf5 22. gxh6
Nxh6 23. Bg5 Qe8 24. Bxh6 gxh6 25. Ng4 Kh7 26. Qf4 Bg7 27. Nf6+ Bxf6 28. exf6
Qh8 29. Ne5 Qxf6 30. Qxf6 Nxf6 31. Nxf7 Ra6 32. Bh3 Rf8 33. Ne5 Nxh5 34. Nd7
Rg8+ 35. Kh2 Rc6 36. Bxe6 Rg5 37. Bh3 Nf4 38. Re7+ Rg7 39. Rae1 Nxh3 40. Rxg7+
Kxg7 41. Re7+ Kg8 42. Kxh3 Bc8 43. Kg3 Bxd7 44. Rxd7 d4 45. b3 Rg6+ 46. Kf3 Rf6+
47. Kg2 Rg6+ 48. Kh3 Rf6 49. Kg2 Rg6+ 50. Kf1 Rg5 51. Rc7 h5 52. f4 Rf5 53. Kg2
Kf8 54. Kg3 Ke8 55. Ra7 Kf8 56. Rxa5 Kg7 57. Ra6 Rf8 58. Rc6 Rf5 59. Kf3 h4 60.
Kg4 h3 61. Kxh3 Rxf4 62. Rxc5 Rf2 63. Kg3 Rd2 64. Kf3 Kf6 65. Ke4 1-0

[Event "Mondiale Lampo FIDE 2017"]
[Site "Riyadh"]
[Date "30.12.2017"]
[Round "15.5"]
[White "Korobov, Anton"]
[Black "Yu, Yangyi"]
[Result "1-0"]
[WhiteTitle "GM"]
[BlackTitle "GM"]
[WhiteElo "2652"]
[BlackElo "2751"]
[WhiteFideId "14105730"]
[BlackFideId "8603820"]
[EventDate "2017.12.29"]

1. d4 Nf6 2. c4 e6 3. Nf3 d5 4. Nc3 Bb4 5. Bg5 h6 6. Bxf6 Qxf6 7. e3 O-O 8. Rc1
dxc4 9. Bxc4 c5 10. O-O Bxc3 11. bxc3 b6 12. e4 Rd8 13. d5 exd5 14. Bxd5 Be6 15.
c4 Nc6 16. Qa4 Bxd5 17. cxd5 Ne5 18. Nxe5 Qxe5 19. f4 Qe7 20. Rfe1 a6 21. Qc4
Qd6 22. g3 Kh8 23. a4 f6 24. Rcd1 Re8 25. Re3 Re7 26. Rde1 Rae8 27. Qxa6 f5 28.
Qc4 fxe4 29. Rxe4 Rxe4 30. Rxe4 Rd8 31. Re5 Qg6 32. Kg2 Qb1 33. h4 Qb2+ 34. Kf3
Qb1 35. Kg2 Qb2+ 36. Re2 Qb1 37. h5 Qd1 38. Re5 Qd2+ 39. Kf3 Qd1+ 40. Qe2 Qxa4
41. Qe4 Qd1+ 42. Kg2 b5 43. Re8+ Rxe8 44. Qxe8+ Kh7 45. Qg6+ Kg8 46. Qe6+ Kh7
47. d6 c4 48. d7 c3 49. Qg6+ Kh8 50. Qe8+ Kh7 51. d8=Q 1-0